Droit administratif

Enregistré dans:
Détails bibliographiques
Auteurs principaux: Debbasch, Charles (Auteur), Colin, Frédéric (Auteur)
Format: Livre
Langue:français
Publié: París Economica 2004
Édition:7a. ed
Sujets:
Tags: Ajouter un tag
Pas de tags, Soyez le premier à ajouter un tag!

MARC

LEADER 00000nam a2200000 a 4500
001 UCK3652
003 CL-VaPUC
008 050506e20040000FR |||||||||||||||||fre|d
020 |a 2717849084 
082 0 4 |a 342.44  |b DEB  |2 21 
100 0 |a Debbasch, Charles  |e author  |9 491838 
700 0 |a Colin, Frédéric  |e author  |9 491839 
245 1 0 |a Droit administratif 
250 |a 7a. ed 
300 |a 782 p 
942 |c BK 
945 |d 20050506 00:00:00  |a cmena 
260 |a París  |b Economica  |c 2004 
650 7 |a DERECHO ADMINISTRATIVO FRANCES  |2 CL-VaPUC  |9 491840 
650 0 |a Fuentes del derecho   |9 255162 
650 7 |a ESTRUCTURA ADMINISTRATIVA  |2 CL-VaPUC  |9 268757 
650 0 |a Responsabilidad administrativa  |9 256129 
650 7 |a CONTENCIOSO ADMINISTRATIVO  |2 CL-VaPUC  |9 255490 
650 0 |a Jurisprudencia  |9 255952 
583 |a last modification  |c 20050506 00:00:00  |k Rodrigo Vera 
999 |c 312770  |d 312768 
952 |0 0  |1 0  |4 0  |6 342_440000000000000_DEB_2004  |7 0  |8 A  |9 383597  |a BIBDER  |b BIBDER  |d 2019-11-21  |i 4122402  |o 342.44 DEB 2004  |p 4122402  |r 2023-01-25  |w 2019-11-21  |y BK  |k DER